Power electronics semiconductor switches

Power Electronic Semiconductor Switches is the successor to Professor Ramshaw's widely-used Power Electronics. The text has been completely re-written and expanded to focus on semiconductor switches, and to take into account advances in the field since the publication of Power Electronics and c...

Descripción completa

Guardado en:
Detalles Bibliográficos
Autor principal: Ramshaw, Raymond
Formato: Libro
Lenguaje:Undetermined
Publicado: London Chapman & Hall 1993
Materias:
Etiquetas: Agregar Etiqueta
Sin Etiquetas, Sea el primero en etiquetar este registro!
Thư viện lưu trữ: Trung tâm Học liệu Trường Đại học Cần Thơ
LEADER 00952nam a2200217Ia 4500
001 CTU_239128
008 210402s9999 xx 000 0 und d
082 |a 621.317 
082 |b R183 
100 |a Ramshaw, Raymond 
245 0 |a Power electronics semiconductor switches 
245 0 |c R. S. Ramshaw 
260 |a London 
260 |b Chapman & Hall 
260 |c 1993 
520 |a Power Electronic Semiconductor Switches is the successor to Professor Ramshaw's widely-used Power Electronics. The text has been completely re-written and expanded to focus on semiconductor switches, and to take into account advances in the field since the publication of Power Electronics and changes in electrical and electronic engineering syllabuses. 
526 |a Điện tử công suất 
526 |b KC209 
650 |a Năng lượng điện,Power electronics 
910 |b nthai 
980 |a Trung tâm Học liệu Trường Đại học Cần Thơ